| 000 | 01542nam0a2200313 4500 | ||
|---|---|---|---|
| 001 | RU\NLR\bibl\1232308 | ||
| 005 | 20260405155924.0 | ||
| 010 |
_a978-5-903077-06-9 _9200 |
||
| 021 |
_aRU _b2008-25686 _91411 |
||
| 035 | _a(NLR Aleph) 001218567 | ||
| 090 |
_a123621 _c123621 |
||
| 100 | _a20080527d2007 |||y0rusy50 ca | ||
| 101 | 0 | _arus | |
| 102 | _aRU | ||
| 105 | _ay ||||||||| | ||
| 200 | 1 |
_aЛегализация (отмывание) денежных средств или иного имущества, приобретенных преступным путем, и предупреждение преступлений, составляющих ее источник _eмонография _fГ.С. Захаров |
|
| 210 |
_aМосква _cБрянский филиал МосУ МВД России _d2007 |
||
| 215 |
_a171 с. _d20 |
||
| 300 | _aНа 4-й с. обл. авт.: Захаров Г.С., к.ю.н., полк. милиции | ||
| 320 | _aБиблиогр.: с. 162-171 (135 назв.) и в подстроч. примеч. | ||
| 606 | 1 |
_aОтмывание денег _xБорьба с ним _yРоссийская Федерация _92187122 _3RU\NLR\auth\661314940 |
|
| 686 | _aХ620.322.16 | ||
| 700 | 1 |
_4070 _7ca _8rus _aЗахаров _bГ. С. _cканд. юрид. наук, полк. милиции _gГарри Сергеевич _949584 _3RU\NLR\auth\7766656 |
|
| 801 | 0 |
_aRU _bNLR _c20080527 _gRCR |
|
| 801 | 1 |
_aRU _bNLR _c20080527 |
|
| 830 | _aавт. по кн. | ||
| 942 | _cBOOK | ||
| 980 | _aNB | ||